[Event "Politiken Cup 33rd"]
[Site "Helsingor"]
[Date "2011.08.05"]
[Round "8"]
[White "Wahlgren, Christer"]
[Black "Elzubeir, Omar"]
[Result "1-0"]
[WhiteElo "1745"]
[BlackElo "1497"]
[PlyCount "59"]
[EventDate "2011.07.30"]
[EventType "swiss"]
[EventRounds "10"]
[EventCountry "DEN"]
[SourceTitle "CBM 143 Extra"]
[Source "ChessBase"]
[SourceDate "2011.08.29"]
[SourceVersion "1"]
[SourceVersionDate "2011.08.29"]
[SourceQuality "1"]

1. d4 g6 2. c4 Bg7 3. e4 d6 4. Nc3 c5 5. d5 Nf6 6. g3 Bg4 7. f3 Bd7 8. Bg2 0-0 9. Nge2 Qb6 10. 0-0 Na6 11. h3 Rfd8 12. f4 Qb4 13. Qd3 Ne8 14. g4 Qb6 15. f5 Nb4 16. Qf3 f6 17. fxg6 hxg6 18. h4 Qa6 19. h5 gxh5 20. gxh5 Nc2 21. Qg3 Kf8 22. h6 Bh8 23. Nf4 Qxc4 24. Ng6+ Kg8 25. Ne5+ Kh7 26. Nxc4 Nxa1 27. e5 dxe5 28. Nxe5 Ng7 29. Qg6+ Kg8 30. h7+ 1-0

[Event "Politiken Cup 33rd"]
[Site "Helsingor"]
[Date "2011.08.01"]
[Round "4"]
[White "Wahlgren, Christer"]
[Black "Hess, Peter Dean"]
[Result "1/2-1/2"]
[WhiteElo "1745"]
[BlackElo "1948"]
[PlyCount "120"]
[EventDate "2011.07.30"]
[EventType "swiss"]
[EventRounds "10"]
[EventCountry "DEN"]
[SourceTitle "CBM 143 Extra"]
[Source "ChessBase"]
[SourceDate "2011.08.29"]
[SourceVersion "1"]
[SourceVersionDate "2011.08.29"]
[SourceQuality "1"]

1. d4 d5 2. f4 Nf6 3. Nf3 Bf5 4. e3 e6 5. c4 c6 6. Be2 Nbd7 7. 0-0 Be7 8. Nc3 0-0 9. Ne5 Ne4 10. Bd2 f6 11. Nxd7 Qxd7 12. Nxe4 Bxe4 13. Bc3 b6 14. Bd3 f5 15. Bxe4 dxe4 16. b4 Rfd8 17. c5 a5 18. bxa5 bxc5 19. Qb3 cxd4 20. Bxd4 c5 21. Be5 Qd5 22. Rfd1 Qxb3 23. axb3 Rxd1+ 24. Rxd1 Rxa5 25. Rd7 Bf6 26. Bxf6 gxf6 27. Rc7 Rb5 28. Kf2 Rxb3 29. Rxc5 Rb7 30. Rc6 Kf7 31. Rc8 Re7 32. Rh8 Kg7 33. Rc8 e5 34. fxe5 fxe5 35. Rc4 Kf6 36. Rc6+ Kg5 37. Rc8 f4 38. Rg8+ Kf6 39. Rc8 Ke6 40. Rc4 Rg7 41. Rxe4 Kd5 42. Ra4 fxe3+ 43. Kxe3 Rxg2 44. Rh4 Rg7 45. Rh6 Ra7 46. Rh5 Rb7 47. Rh4 Ra7 48. Rh5 Ra3+ 49. Ke2 Kd4 50. Rxh7 Ra2+ 51. Kf3 e4+ 52. Kf4 Rf2+ 53. Kg5 e3 54. h4 Ke4 55. Re7+ Kd3 56. h5 e2 57. Rxe2 Rxe2 58. h6 Ke4 59. h7 Rh2 60. Kg6 Rxh7 1/2-1/2